000 00688nas a2200229 4500
001 BR7807049
003 BR-BrBNA
005 20231205083538.0
007 ta
008 230509b bl.|||p| |||| 00| 00por d
040 _aBR-BrBNA
_bpor
_cBiblioteca Nacional de Agricultura
041 _a(Pt)
072 _aE10
100 1 _aLauschner, R.
245 1 _aO lucro multiplicado para o produtor rural [industria agricola, Brasil]
650 _aINDUSTRIA AGRICOLA
650 _aLUCRO
650 _aCOOPERATIVA
773 0 _tAgricultura. A Forca Verde (Brazil)
_xISSN 0100-5650
_g(Jun 1978), v. 1(11) p. 51-58
_wBR7807049
909 _a202311
_bLúcia
_c55
_dLúcia Elande
942 _2AGRIS
_n0
_cANA
999 _c99564
_d99564